LEADER 03309nam 2200673 a 450 001 9910458953903321 005 20200520144314.0 010 $a1-283-06117-1 010 $a9786613061171 010 $a90-474-4343-8 024 7 $a10.1163/ej.9789004168695.i-227 035 $a(CKB)2610000000001551 035 $a(EBL)682289 035 $a(OCoLC)706148599 035 $a(SSID)ssj0000469204 035 $a(PQKBManifestationID)11319533 035 $a(PQKBTitleCode)TC0000469204 035 $a(PQKBWorkID)10510519 035 $a(PQKB)10130149 035 $a(MiAaPQ)EBC682289 035 $a(OCoLC)228370000 035 $a(nllekb)BRILL9789047443438 035 $a(PPN)174387881 035 $a(Au-PeEL)EBL682289 035 $a(CaPaEBR)ebr10461368 035 $a(CaONFJC)MIL306117 035 $a(OCoLC)711004481 035 $a(EXLCZ)992610000000001551 100 $a20080520d2008 uy 0 101 0 $aeng 135 $aur|n|---||||| 181 $ctxt 182 $cc 183 $acr 200 14$aThe first hall of fame$b[electronic resource] $ea study of the statues in the Forum Augustum /$fby Joseph Geiger 210 $aLeiden ;$aBoston $cBrill$d2008 215 $a1 online resource (239 p.) 225 1 $aMnemosyne supplements. History and archaeology of classical antiquity,$x0169-8958 ;$vv. 295 300 $aDescription based upon print version of record. 311 $a90-04-16869-9 320 $aIncludes bibliographical references (p. [205]-217) and index. 327 $tPreliminary Materials /$rJ. Geiger -- $tChapter One. Introduction /$rJ. Geiger -- $tChapter Two. The Greek Background /$rJ. Geiger -- $tChapter Three. The Roman Background /$rJ. Geiger -- $tChapter Four. A Marble Gallery For A City Of Marble /$rJ. Geiger -- $tChapter Five. The Heroes /$rJ. Geiger -- $tChapter Six. After Augustus: The Age Of Bronze /$rJ. Geiger -- $tChapter Seven. The Impact Of The Gallery Of Heroes /$rJ. Geiger -- $tBibliography /$rJ. Geiger -- $tIndex /$rJ. Geiger. 330 $aAlthough both national sites of commemoration and Halls of Fame for a variety of human endeavours are widespread, little thought was given to the fact that the statues in the Forum Augustum were the first assemblage of this kind. This book identifies the Greek and Roman backgrounds to and influences on Augustus' decision as well as his probable motives for setting up these statues. The central chapters deal with the structure of the Forum and its statues, and provide a detailed analysis of the list of men (and women) known to have been included and the criteria for inclusion. Finally the additions to the heroes between Augustus and Trajan and the later impact of this Gallery of Heroes are discussed. 410 0$aMnemosyne, bibliotheca classica Batava.$pSupplementum.$pHistory and archaeology of classical antiquity ;$vv. 295. 606 $aStatues$zRome 606 $aHalls of fame 607 $aForum of Augustus (Rome, Italy) 608 $aElectronic books. 615 0$aStatues 615 0$aHalls of fame. 676 $a937/.07 700 $aGeiger$b Joseph$0387087 801 0$bMiAaPQ 801 1$bMiAaPQ 801 2$bMiAaPQ 906 $aBOOK 912 $a9910458953903321 996 $aThe first hall of fame$92014190 997 $aUNINA LEADER 04068oam 2200685I 450 001 9910964701203321 005 20251117110905.0 010 $a1-77463-338-8 010 $a0-429-16144-1 010 $a1-77188-017-1 024 7 $a10.1201/b17235 035 $a(CKB)2670000000557028 035 $a(EBL)1579429 035 $a(OCoLC)885122086 035 $a(SSID)ssj0001359486 035 $a(PQKBManifestationID)11871220 035 $a(PQKBTitleCode)TC0001359486 035 $a(PQKBWorkID)11306620 035 $a(PQKB)11380012 035 $a(OCoLC)889264322 035 $a(MiAaPQ)EBC1579429 035 $a(MiAaPQ)EBC4003078 035 $a(Au-PeEL)EBL4003078 035 $a(OCoLC)891656005 035 $a(EXLCZ)992670000000557028 100 $a20180331h20152015 uy 0 101 0 $aeng 135 $aur|n|---||||| 181 $ctxt 182 $cc 183 $acr 200 00$aSustainable practices in surface and subsurface micro irrigation /$fedited by Megh R. Goyal, PhD, PE 205 $a1st ed. 210 1$aToronto, [Ontario] :$cApple Academic Press,$d[2015] 210 4$dİ2015 215 $a1 online resource (388 p.) 225 0 $aResearch Advances in Sustainable Micro Irrigation ;$vVolume 2 300 $aDescription based upon print version of record. 311 08$a1-322-63618-4 311 08$a1-4822-4627-9 320 $aIncludes bibliographical references. 327 $aFront Cover; CONTENTS; List of Contributors; List of Abbreviations; List of Symbols; Preface; Foreword by Gajendra Singh; Foreword by Miguel Mun?oz-Mun?oz; Foreword by R. K. Sivanappan; Foreword by Marvin J. Jensen; Book Series: Research Advances in Sustainable Micro Irrigation; About the Senior Editor-in-Chief; Warning/Disclaime; PART I: SUBSURFACE MICRO IRRIGATION; 1. Subsurface Drip Irrigation: Wetting Pattern Simulation-Part I: Model Development; 2. Subsurface Drip Irrigation: Wetting Pattern Simulation-Part II: Model Validation 327 $a3. Micro Irrigation in Egyptian Sandy Soil: Hydraulic Barrier Technique4. Micro Irrigation Design using MicroCAD; PART II: MICRO IRRIGATION RESEARCH ADVANCES AND APPLICATIONS; 5. Subsurface Drip Irrigation in Australia: Vegetables; 6. Mechanics of Clogging in Micro Irrigation System; 7. Water Movement in Drip Irrigated Sandy Soils; 8. Crop Coefficients: Trickle Irrigated Common Beans; 9. Water Requirements for Papaya on a Mollisol Soil; 10. Water Requirements for Tanier (Xanthosoma spp.); 11. Water Requirements for Tanier (Xanthosoma spp.) on a Mollisol Soil 327 $a12. Water Requirements for Banana on a Mollisol Soil13. Water Requirements for Banana on an Oxisol Soil; 14. Water Requirements for Plantains on a Mollisol Soil; 15. Drip Irrigation Management: Plantain and Banana; 16. Biometric Response of Eggplant under Sustainable Micro Irrigation with Municipal Wastewater; Appendices 330 $aThis new book, Sustainable Practices in Surface and Subsurface Micro Irrigation, offers a vast amount of knowledge and techniques necessary to develop and manage a drip/trickle or micro irrigation system. The information covered has worldwide applicability to irrigation management in agriculture. Focusing on both subsurface and surface micro irrigation, chapters in the book cover a variety of new research and information on: Irrigation water requirements for tanier, vegetables, bananas, plantains, beans, and papaya Irrigating different types of soils, including sandy soils, wet soils, and moll 410 0$aResearch Advances in Sustainable Micro Irrigation 606 $aMicroirrigation 606 $aMicroirrigation$xManagement 606 $aSustainable agriculture 615 0$aMicroirrigation. 615 0$aMicroirrigation$xManagement. 615 0$aSustainable agriculture. 676 $a635.0487 702 $aGoyal$b Megh Raj 801 0$bFlBoTFG 801 1$bFlBoTFG 906 $aBOOK 912 $a9910964701203321 996 $aSustainable practices in surface and subsurface micro irrigation$94495147 997 $aUNINA